|
|
|
|
| LEADER |
01618nam a2200433 a 4500 |
| 001 |
EBC468474 |
| 003 |
MiAaPQ |
| 005 |
20200520144314.0 |
| 006 |
m o d | |
| 007 |
cr cn||||||||| |
| 008 |
080710s2008 ne sb 001 0 eng |
| 010 |
|
|
|z 2008029647
|
| 015 |
|
|
|a GBA894608
|2 bnb
|
| 016 |
7 |
|
|z 014681091
|2 Uk
|
| 016 |
7 |
|
|z B0814246
|2 bccb
|
| 020 |
|
|
|z 9789004166837 (hbk. : alk. paper)
|
| 020 |
|
|
|z 9004166831 (hbk. : alk. paper)
|
| 035 |
|
|
|a (MiAaPQ)EBC468474
|
| 035 |
|
|
|a (Au-PeEL)EBL468474
|
| 035 |
|
|
|a (CaPaEBR)ebr10363856
|
| 035 |
|
|
|a (CaONFJC)MIL239883
|
| 035 |
|
|
|a (OCoLC)608624798
|
| 040 |
|
|
|a MiAaPQ
|c MiAaPQ
|d MiAaPQ
|
| 050 |
|
4 |
|a HD4841
|b .L497 2008
|
| 082 |
0 |
4 |
|a 331
|2 22
|
| 100 |
1 |
|
|a Linden, Marcel van der,
|d 1952-
|
| 245 |
1 |
0 |
|a Workers of the world
|h [electronic resource] :
|b essays toward a global labor history /
|c by Marcel van der Linden.
|
| 260 |
|
|
|a Leiden ;
|a Boston :
|b Brill,
|c 2008.
|
| 300 |
|
|
|a viii, 469 p.
|
| 490 |
1 |
|
|a Studies in global social history,
|x 1874-6705 ;
|v v. 1
|
| 504 |
|
|
|a Includes bibliographical references (p. [379]-454) and index.
|
| 533 |
|
|
|a Electronic reproduction. Ann Arbor, MI : ProQuest, 2015. Available via World Wide Web. Access may be limited to ProQuest affiliated libraries.
|
| 650 |
|
0 |
|a Labor
|x History.
|
| 650 |
|
0 |
|a Labor movement
|x History.
|
| 650 |
|
0 |
|a International labor activities
|x History.
|
| 655 |
|
4 |
|a Electronic books.
|
| 710 |
2 |
|
|a ProQuest (Firm)
|
| 830 |
|
0 |
|a Studies in global social history ;
|v v. 1.
|
| 856 |
4 |
0 |
|u https://ebookcentral.proquest.com/lib/matrademy/detail.action?docID=468474
|z Click to View
|